000 01023cam a22003137a 4500
003 CHAP
005 20220817041303.0
008 971013s1975 r 00010 d
010 _a10414
011 _a11386
035 _a10624
040 _cCHAP
090 _aFolleto 1351
100 0 0 _aChalita Tovar, Luis Eduardo.
_921752
245 0 _aComercio exterior y desarrollo económico; el caso de México
260 _aChapingo, Méx. :
_bENA-CP Centro de Economía Agrícola,
_c1975
300 _a22 h
590 _aBATCH-UPD
_b10
_c20130110
_lUCH01
_h1024
590 _aBATCH-UPD
_b10
_c20130410
_lUCH01
_h0629
590 _aBATCH-UPD
_b10
_c20130914
_lUCH01
_h1014
590 _aCONVERSION
_b10
_c20130109
_lUCH01
_h1307
650 1 4 _aComercio exterior
_zMéxico.
_925638
650 1 4 _aDesarrollo económico.
650 1 4 _aMéxico
_xCondiciones económicas.
901 _aBK
942 _cFOLL
949 _aFolleto 1351
_bBC
_cFOLL
_d-22348
_eTS2
_fc.2
_i10624
_si
949 _aFolleto 1351
_bBC
_cUACH
_d-22344
_eUACH
_i10624
_si
999 _c10414
_d10414